01294nam a2200301 a 4500001001200000003000800012006001900020007001500039008004100054020001800095020002700113040002100140035002100161050002200182245019300204250001200397260003100409300001500440490007800455504004100533533015200574650003900726655002900765700001900794700003600813710001700849856012600866ebr10695999CaPaEBRm u cr cn|||||||||130513s2013 enk sb 000 0 eng d z9781781906279 z9781781906286 (e-book) aCaPaEBRcCaPaEBR a(OCoLC)84092133714aHD60b.P75 2013eb00aPrinciples and strategies to balance ethical, social and environmental concerns with corporate requirementsh[electronic resource] /cedited by Liam Leonard, Maria Alejandra Gonalez-Perez. a1st ed. aBingley :bEmerald,c2013. axv, 249 p.0 aAdvances in sustainability and environmental justice,x2051-5030 ;vv. 12 aIncludes bibliographical references. aElectronic reproduction.bPalo Alto, Calif. :cebrary,d2013.nAvailable via World Wide Web.nAccess may be limited to ebrary affiliated libraries. 0aSocial responsibility of business. 7aElectronic books.2local1 aLeonard, Liam.1 aGonalez-Perez, Maria Alejandra.2 aebrary, Inc.40uhttp://site.ebrary.com/lib/rucke/Doc?id=10695999zAn electronic book accessible through the World Wide Web; click to view